|
|
|
|
| LEADER |
02002nam a2200517 i 4500 |
| 001 |
nkc20172878513 |
| 003 |
CZ PrNK |
| 005 |
20210920101953.0 |
| 007 |
ta |
| 008 |
170203t20172017xr a e 000 0 eng |
| 015 |
|
|
|a cnb002878513
|
| 020 |
|
|
|a 978-80-87509-53-1
|q (brožováno)
|z 978-80-87509-51-3
|
| 035 |
|
|
|a (OCoLC)982100744
|
| 040 |
|
|
|a OLA001
|b cze
|d ABA001
|e rda
|
| 043 |
|
|
|a n-us---
|
| 072 |
|
7 |
|a 623
|x Vojenská technika
|2 Konspekt
|9 19
|
| 080 |
|
|
|a 623
|2 MRF
|
| 080 |
|
|
|a 621.878/.879
|2 MRF
|
| 080 |
|
|
|a (73)
|2 MRF
|
| 080 |
|
|
|a (084.11)
|2 MRF
|
| 100 |
1 |
|
|a Horák, Jan
|7 mzk2006322901
|4 aut
|
| 245 |
1 |
0 |
|a U.S. Earth Movers in detail.
|n Part 2,
|p U.S. WWII Dozers, Graders and Loaders : photo manual for modelers /
|c text Jan Horák and František Kořán ; photos, if not othervise stated, František Kořán
|
| 246 |
3 |
0 |
|a U.S. WWII Dozers, Graders and Loaders
|
| 246 |
1 |
4 |
|a U.S. Army Earth Movers in detail
|
| 250 |
|
|
|a 1st edition
|
| 264 |
|
1 |
|a Prague :
|b RAK,
|c [2017]
|
| 264 |
|
4 |
|c ©2017
|
| 300 |
|
|
|a 143 stran :
|b barevné ilustrace ;
|c 23 x 24 cm
|
| 336 |
|
|
|a text
|b txt
|2 rdacontent
|
| 336 |
|
|
|a statický obraz
|b sti
|2 rdacontent
|
| 337 |
|
|
|a bez média
|b n
|2 rdamedia
|
| 338 |
|
|
|a svazek
|b nc
|2 rdacarrier
|
| 490 |
1 |
|
|a WWP - Wings & wheels publications ;
|v R 083
|
| 650 |
0 |
7 |
|a vojenská technika
|7 ph138823
|z Spojené státy americké
|2 czenas
|
| 650 |
0 |
7 |
|a stroje pro zemní práce
|7 ph126138
|z Spojené státy americké
|2 czenas
|
| 650 |
0 |
9 |
|a military engineering
|z United States
|2 eczenas
|
| 650 |
0 |
9 |
|a earthworks machines
|z United States
|2 eczenas
|
| 655 |
|
7 |
|a obrazové publikace
|7 fd132947
|2 czenas
|
| 655 |
|
9 |
|a pictorial works
|2 eczenas
|
| 700 |
1 |
|
|a Kořán, František,
|d 1963-
|7 jn20001103188
|4 aut
|4 pht
|
| 830 |
|
0 |
|a WWP - Wings & wheels publications
|0 s
|
| 910 |
2 |
|
|a BOA001
|b 2-1327.803,2
|
| 990 |
|
|
|a BK
|
| 995 |
|
|
|a 01
|
| 991 |
|
|
|b 201703
|c NOV
|
| 996 |
6 |
|
|b 2610700146
|c 2-1327.803,2
|l MZK
|r Sklad / do 1 hodiny
|n 0
|p p.v.
|w 001602196
|u 000010
|a 1
|e BOA001
|j MZK50
|s P
|